Declaración de Quito (Registro nro. 51979)
[ vista simple ]
| 000 -LÍDER | |
|---|---|
| Campo fijo de descripción fija | 01206aab a2200193 i 4500 |
| 001 - NÚMERO DE CONTROL | |
| Campo de control | 768714001 |
| 003 - IDENTIFICADOR DEL NÚMERO DE CONTROL | |
| Campo de control | CO-MdFUSB |
| 005 - FECHA Y HORA DE LA ULTIMA TRANSACCIÓN | |
| control field | 20240320115554.0 |
| 008 - ELEMENTOS DE LONGITUD FIJA -- INFORMACIÓN GENERAL | |
| Campo fijo de descripción fija -- Información general | 240318t1992 ag ||||| |||| 00| 0 spa d |
| 040 ## - FUENTE DE CATALOGACIÓN | |
| Idioma de catalogación | spa |
| Agencia que realiza la transcripción | CO-MdFUSB |
| 041 ## - CÓDIGO DE IDIOMA | |
| Código de idioma para texto/pista de sonido o título separado | spa |
| 110 ## - ASIENTO PRINCIPAL--NOMBRE CORPORATIVO | |
| Nombre corporativo o de jurisdicción como elemento de entrada | Congreso Latinoamericano de Evangelización, |
| 245 10 - TÍTULO | |
| Título | Declaración de Quito |
| Mención de responsabilidad | : Congreso Latinoamericano de Evangelización, |
| 300 ## - DESCRIPCIÓN FÍSICA | |
| Extensión | Volumen 11, número 4 (octubre -diciembre, 1992), páginas: 18 - 21 |
| Dimensiones | : 27 cm |
| 520 ## - NOTA DE RESUMEN, ETC. | |
| Nota de sumario, etc. | Del 24 de agosto al 4 de septiembre de 1992 se realizó en Quito Ecuador el III Congreso latinoamericano de evangelización, convocado por la Fraternidad Teológica Latinoamericana. Con una asistencia de 1008 personas de 26 pases, CLADE III se constituyó en un encuentro de gran trascendencia para la vida y la misión de la iglesia en un momento de profunda crisis para los países latinoamericanos.<br/>Este artículo es el documento oficial del Congreso que fue aprobado unánimemente por los presentes. |
| 653 ## - TÉRMINO DE INDIZACIÓN - NO CONTROLADO | |
| Término no controlado | Congreso Latinoamericano de Evangelización |
| 773 0# - ASIENTO DE ITEM FUENTE | |
| Título | Iglesia y Misión |
| Biblionumber | 49402 |
| Itemnumber | 59656 |
| Parte(s) relacionada(s) / Volumen., número. (mes año), páginas | Volumen 11, número 4 (octubre -diciembre, 1992), páginas: 18 - 21 |
| Enumeración y primera página | páginas: 18 |
| 942 ## - TIPO DE MATERIAL (KOHA) | |
| Tipo de Item KOHA | Artículos de Revista |
No hay ítems disponibles.
